[Event "WchT Blitz 5-8th"]
[Site "London"]
[Date "2025.06.15"]
[Round "1.1"]
[White "Erigaisi, Arjun Kumar"]
[Black "Keymer, Vincent"]
[Result "1-0"]
[WhiteElo "2782"]
[BlackElo "2730"]
[PlyCount "69"]
[EventDate "2025.06.15"]
[EventType "team-k.o. (blitz)"]
[EventRounds "2"]
[EventCountry "ENG"]
[SourceTitle "CB25_2025"]
[SourceDate "2025.06.18"]
[SourceVersion "1"]
[SourceVersionDate "2025.06.18"]
[SourceQuality "1"]
[WhiteTeam "Team MGD1"]
[BlackTeam "Germany and Friends"]
[WhiteTeamCountry "IND"]
[BlackTeamCountry "GER"]

1. d4 Nf6 2. Nf3 e6 3. c4 Nc6 4. e3 Bb4+ 5. Nbd2 d6 6. a3 Bxd2+ 7. Bxd2 Ne4 8. Bd3 Nxd2 9. Nxd2 0-0 10. Qc2 h6 11. b4 e5 12. d5 Ne7 13. 0-0 f5 14. f4 e4 15. Be2 a5 16. Nb3 axb4 17. axb4 Bd7 18. Nd4 Kh8 19. h3 c6 20. dxc6 Nxc6 21. Qd2 Qb6 22. Nc2 Qc7 23. Rfd1 Rxa1 24. Nxa1 Ra8 25. Nb3 Ra3 26. Qb2 Ra4 27. b5 Na5 28. Nxa5 Qxa5 29. Rxd6 Ra2 30. Qe5 Rxe2 31. Rxh6+ Kg8 32. Rg6 Re1+ 33. Kh2 Qa1 34. Rxg7+ Kh8 35. Rxd7+ 1-0

[Event "WchT Blitz Pool C"]
[Site "London"]
[Date "2025.06.14"]
[Round "5.1"]
[White "D'Costa, Lorin AR"]
[Black "Keymer, Vincent"]
[Result "0-1"]
[WhiteElo "2370"]
[BlackElo "2730"]
[PlyCount "106"]
[EventDate "2025.06.14"]
[EventType "team-tourn"]
[EventRounds "13"]
[EventCountry "ENG"]
[SourceTitle "CB25_2025"]
[SourceDate "2025.06.18"]
[SourceVersion "1"]
[SourceVersionDate "2025.06.18"]
[SourceQuality "1"]
[WhiteTeam "Chess Rising Stars"]
[BlackTeam "Germany and Friends"]
[WhiteTeamCountry "GRE"]
[BlackTeamCountry "GER"]

1. d4 Nf6 2. Nf3 e6 3. c4 Nc6 4. a3 g6 5. Nc3 Bg7 6. g3 d5 7. cxd5 exd5 8. Bg2 0-0 9. 0-0 Re8 10. b4 Ne4 11. Bb2 Bf5 12. e3 a6 13. Rc1 h5 14. Qb3 Ne7 15. Rfd1 c6 16. a4 Qb6 17. Nd2 Nxc3 18. Bxc3 Nc8 19. b5 axb5 20. axb5 Qc7 21. Bb4 Qd7 22. Ra1 Nd6 23. bxc6 bxc6 24. Rdc1 h4 25. Rxa8 Rxa8 26. Qc3 Ra6 27. Bf1 Nb5 28. Qb2 Bf6 29. Nb3 Qa7 30. Ra1 Ra4 31. Rxa4 Qxa4 32. Nc5 Qd1 33. Qd2 Qb1 34. Qe1 Qa2 35. Qd2 Qa8 36. Bd3 Nd6 37. Bxf5 Nxf5 38. Kg2 Nd6 39. Nd7 Ne4 40. Nxf6+ Nxf6 41. f3 hxg3 42. hxg3 Qb8 43. Bc3 Nh5 44. Qe1 Ng7 45. g4 Ne6 46. Qd2 Qb5 47. Qb2 Qc4 48. Qd2 Ng5 49. Bb2 Qb3 50. Bc3 Qb1 51. Bb2 f5 52. gxf5 Qxf5 53. Qf2 Qh3+ 0-1

[Event "WchT Blitz Pool C"]
[Site "London"]
[Date "2025.06.14"]
[Round "6.1"]
[White "Keymer, Vincent"]
[Black "Gurevich, Ilya"]
[Result "1-0"]
[WhiteElo "2730"]
[BlackElo "2586"]
[PlyCount "75"]
[EventDate "2025.06.14"]
[EventType "team-tourn"]
[EventRounds "13"]
[EventCountry "ENG"]
[SourceTitle "CB25_2025"]
[SourceDate "2025.06.18"]
[SourceVersion "1"]
[SourceVersionDate "2025.06.18"]
[SourceQuality "1"]
[WhiteTeam "Germany and Friends"]
[BlackTeam "e-therapeutics"]
[WhiteTeamCountry "GER"]
[BlackTeamCountry "ENG"]

1. c4 Nf6 2. Nf3 g6 3. Nc3 d5 4. cxd5 Nxd5 5. h4 Nxc3 6. bxc3 h5 7. e4 b6 8. d4 Bg7 9. Bb5+ Nd7 10. Bc6 Rb8 11. Qa4 a6 12. 0-0 b5 13. Qa3 0-0 14. Bg5 Bf6 15. e5 Bxg5 16. Nxg5 e6 17. Bxd7 Bxd7 18. Ne4 f5 19. Nf6+ Kg7 20. Qc1 Bc6 21. Re1 Bd5 22. a4 Rb7 23. Qg5 Rxf6 24. exf6+ Qxf6 25. Qf4 b4 26. cxb4 Rxb4 27. Qxc7+ Kh6 28. Qf4+ g5 29. Qd6 Rxd4 30. hxg5+ Kxg5 31. Re3 h4 32. Rae1 Rg4 33. f3 Rxa4 34. Qb8 h3 35. Qg8+ Kh6 36. gxh3 Ra2 37. Rxe6 Bxe6 38. Rxe6 1-0

[Event "German Masters 96th"]
[Site "Munich"]
[Date "2025.05.18"]
[Round "4"]
[White "Keymer, Vincent"]
[Black "Costa, Leonardo"]
[Result "1-0"]
[WhiteElo "2720"]
[BlackElo "2531"]
[PlyCount "65"]
[EventDate "2025.05.15"]
[EventType "tourn"]
[EventRounds "9"]
[EventCountry "GER"]
[EventCategory "15"]
[SourceTitle "CB22_2025"]
[SourceDate "2025.05.28"]
[SourceVersion "1"]
[SourceVersionDate "2025.05.28"]
[SourceQuality "1"]

1. d4 d5 2. Nf3 Nf6 3. e3 e6 4. b3 c5 5. Bb2 Nc6 6. Nbd2 cxd4 7. exd4 Bd6 8. Bd3 0-0 9. 0-0 b6 10. a3 Bb7 11. Ne5 Ne7 12. Qe2 a5 13. h4 a4 14. b4 Rc8 15. h5 h6 16. Rac1 Rc7 17. Rfe1 Qc8 18. Nf1 Ne4 19. c4 Nf5 20. Rc2 Bxe5 21. dxe5 Ba6 22. b5 Bb7 23. cxd5 Rxc2 24. Qxc2 exd5 25. f3 Neg3 26. Nxg3 Qxc2 27. Bxc2 Nxg3 28. e6 fxe6 29. Rxe6 Nxh5 30. Rxb6 Ba8 31. Ra6 Nf4 32. Rxa4 g5 33. Ra7 1-0

[Event "Titled Tuesday intern op 06th May Early"]
[Site "Chess.com INT"]
[Date "2025.05.06"]
[Round "10"]
[White "Keymer, Vincent"]
[Black "Moroni, Luca Jr"]
[Result "1-0"]
[WhiteElo "2720"]
[BlackElo "2546"]
[PlyCount "97"]
[EventDate "2025.05.06"]
[EventType "swiss (blitz)"]
[EventRounds "11"]
[EventCountry "USA"]
[SourceTitle "CB20_2025"]
[SourceDate "2025.05.14"]
[SourceVersion "1"]
[SourceVersionDate "2025.05.14"]
[SourceQuality "1"]

1. c4 g6 2. Nc3 Bg7 3. g3 d6 4. Bg2 Nc6 5. Nf3 Bd7 6. d4 Qc8 7. h3 e5 8. d5 Nce7 9. e4 h6 10. Be3 f5 11. c5 Nf6 12. cxd6 cxd6 13. Rc1 Qd8 14. Qb3 0-0 15. 0-0 Nh5 16. Bd2 f4 17. g4 Nf6 18. Rc2 g5 19. Nxe5 dxe5 20. d6+ Kh8 21. dxe7 Qxe7 22. Nd5 Nxd5 23. exd5 e4 24. Bb4 Qe5 25. Bc3 Qe7 26. d6 Qxd6 27. Bxe4 Rfe8 28. Rd2 Qe7 29. Bxg7+ Qxg7 30. Qxb7 Rab8 31. Qxd7 Rxe4 32. Qxg7+ Kxg7 33. Rd7+ Kf6 34. b3 a6 35. Rc1 Rb6 36. Rh7 Kg6 37. Rcc7 Re2 38. Rcg7+ Kf6 39. Rf7+ Ke5 40. Re7+ Re6 41. Rxe6+ Kxe6 42. Rxh6+ Ke5 43. Rxa6 f3 44. Ra5+ Ke4 45. Ra8 Re1+ 46. Kh2 Rf1 47. Ra4+ Kd3 48. Kg3 Ke2 49. Re4+ 1-0

[Event "Titled Tuesday intern op 06th May Early"]
[Site "Chess.com INT"]
[Date "2025.05.06"]
[Round "5"]
[White "Keymer, Vincent"]
[Black "Rustemov, Alexander"]
[Result "1-0"]
[WhiteElo "2720"]
[BlackElo "2525"]
[PlyCount "97"]
[EventDate "2025.05.06"]
[EventType "swiss (blitz)"]
[EventRounds "11"]
[EventCountry "USA"]
[SourceTitle "CB20_2025"]
[SourceDate "2025.05.14"]
[SourceVersion "1"]
[SourceVersionDate "2025.05.14"]
[SourceQuality "1"]

1. c4 c5 2. Nf3 g6 3. d4 Bg7 4. d5 f5 5. g3 d6 6. Bg2 Nf6 7. 0-0 0-0 8. Nc3 Na6 9. Bd2 Nc7 10. Qc1 a6 11. Bh6 b5 12. b3 Rb8 13. Bxg7 Kxg7 14. Re1 b4 15. Na4 Bd7 16. Nb2 a5 17. Nd2 e5 18. dxe6 Nxe6 19. Nd3 Qc7 20. a3 Bc6 21. axb4 axb4 22. Qb2 Bxg2 23. Kxg2 Qc6+ 24. Kg1 Kg8 25. Ra7 Rb7 26. Rea1 Rxa7 27. Rxa7 Rf7 28. Ra4 Nd4 29. e3 Ne2+ 30. Kf1 Nc3 31. Kg1 Nxa4 32. bxa4 Qxa4 33. Nf4 Qa3 34. Qc2 Qc3 35. Qd1 g5 36. Ne2 Qd3 37. Nc1 Qc3 38. Ncb3 Ne4 39. Nxe4 fxe4 40. Kg2 Qxc4 41. Qxd6 h6 42. Nxc5 Qe2 43. Qg6+ Kf8 44. Nxe4 Qf3+ 45. Kg1 Qf5 46. Qxh6+ Kg8 47. Qc6 b3 48. Qa8+ Kg7 49. Qa4 1-0

[Event "Bundesliga 2425"]
[Site "Germany"]
[Date "2025.04.26"]
[Round "14.1"]
[White "Saric, Ivan"]
[Black "Keymer, Vincent"]
[Result "1/2-1/2"]
[WhiteElo "2673"]
[BlackElo "2730"]
[PlyCount "102"]
[EventDate "2024.09.28"]
[EventType "team-tourn"]
[EventRounds "15"]
[EventCountry "GER"]
[SourceTitle "CB18_2025"]
[SourceDate "2025.04.30"]
[SourceVersion "1"]
[SourceVersionDate "2025.04.30"]
[SourceQuality "1"]
[WhiteTeam "Kirchweyhe"]
[BlackTeam "Baden-Baden"]
[WhiteTeamCountry "GER"]
[BlackTeamCountry "GER"]

1. e4 e5 2. Nf3 Nc6 3. Bb5 a6 4. Ba4 Nf6 5. 0-0 Be7 6. Re1 b5 7. Bb3 0-0 8. c3 d5 9. exd5 Nxd5 10. Nxe5 Nxe5 11. Rxe5 c6 12. Re1 Bd6 13. d3 Bf5 14. Qf3 Qh4 15. g3 Qh3 16. Be3 Bxd3 17. Nd2 Bf5 18. Bxd5 cxd5 19. Qxd5 Rad8 20. Qg2 Qh5 21. Bd4 Be6 22. Qf3 Qg6 23. Qc6 Qc2 24. Ne4 Be7 25. Qxa6 Qxb2 26. Rab1 Qxa2 27. Qxa2 Bxa2 28. Rxb5 Bd5 29. Bb6 Rd7 30. Rd1 Bc6 31. Rxd7 Bxd7 32. Re5 Re8 33. Bc5 Bd8 34. Rxe8+ Bxe8 35. f3 f5 36. Nd2 g5 37. Kf2 Kf7 38. Be3 Ke6 39. Ke2 Ba4 40. Kd3 Bd1 41. f4 g4 42. Kc4 Kd6 43. Kb5 Bf6 44. c4 Bc3 45. c5+ Kc7 46. c6 Bxd2 47. Bxd2 Bf3 48. Ba5+ Kd6 49. c7 Kd7 50. Kc5 Bb7 51. Kd4 Kd6 1/2-1/2

[Event "Titled Tuesday intern op 25th Mar Early"]
[Site "Chess.com INT"]
[Date "2025.03.25"]
[Round "2"]
[White "Dyachuk, Artem"]
[Black "Keymer, Vincent"]
[Result "1/2-1/2"]
[WhiteElo "2308"]
[BlackElo "2719"]
[PlyCount "145"]
[EventDate "2025.03.25"]
[EventType "swiss (blitz)"]
[EventRounds "11"]
[EventCountry "USA"]
[SourceTitle "CB14_2025"]
[SourceDate "2024.11.01"]
[SourceVersion "1"]
[SourceVersionDate "2024.11.01"]
[SourceQuality "1"]

1. d4 Nf6 2. c4 e6 3. Nc3 Bb4 4. Qc2 d6 5. a3 Bxc3+ 6. Qxc3 b6 7. e3 Bb7 8. Nf3 0-0 9. Be2 c5 10. 0-0 a5 11. b3 Nbd7 12. Bb2 Qe7 13. Rfd1 Rfe8 14. dxc5 Nxc5 15. Nd4 Rad8 16. Bf3 Nce4 17. Qc2 e5 18. Nb5 h5 19. h3 Rd7 20. b4 Rc8 21. bxa5 bxa5 22. a4 Qe6 23. Rac1 g5 24. Be2 g4 25. h4 Nc5 26. Ba3 Nfe4 27. Bf1 Qf6 28. g3 Qe6 29. Bg2 Nf6 30. Bxb7 Nxb7 31. Qd3 Kg7 32. Nxd6 Nxd6 33. Bxd6 Ne8 34. c5 Nxd6 35. cxd6 Rxd6 36. Qxd6 Rxc1 37. Qd2 Rc4 38. e4 Rxa4 39. Qg5+ Qg6 40. Qxe5+ Qf6 41. Qxh5 Rxe4 42. Qxa5 Re2 43. Qg5+ Qxg5 44. hxg5 Re5 45. Rd4 Rxg5 46. Kg2 Kg6 47. Rf4 f5 48. Rd4 Rh5 49. Rd6+ Kg5 50. Ra6 Rh7 51. Ra8 Rg7 52. Rb8 Rd7 53. Rg8+ Kf6 54. Ra8 Re7 55. Rb8 Kg5 56. Ra8 Rg7 57. Re8 Rg6 58. Rf8 Re6 59. Rg8+ Kf6 60. Ra8 Rd6 61. Rf8+ Ke5 62. Ra8 Ke4 63. Rh8 Rd5 64. Re8+ Re5 65. Rd8 Rc5 66. Re8+ Re5 67. Rd8 f4 68. gxf4 Kxf4 69. Rd4+ Re4 70. Rxe4+ Kxe4 71. Kg3 Kf5 72. f3 gxf3 73. Kxf3 1/2-1/2

[Event "Titled Tuesday intern op 25th Mar Early"]
[Site "Chess.com INT"]
[Date "2025.03.25"]
[Round "3"]
[White "Keymer, Vincent"]
[Black "Tekeyev, Zaur"]
[Result "1-0"]
[WhiteElo "2719"]
[BlackElo "2412"]
[PlyCount "133"]
[EventDate "2025.03.25"]
[EventType "swiss (blitz)"]
[EventRounds "11"]
[EventCountry "USA"]
[SourceTitle "CB14_2025"]
[SourceDate "2024.11.01"]
[SourceVersion "1"]
[SourceVersionDate "2024.11.01"]
[SourceQuality "1"]

1. a3 Nf6 2. Nf3 g6 3. b4 Bg7 4. Bb2 d6 5. g3 e5 6. Bg2 0-0 7. 0-0 Re8 8. c4 e4 9. Ne1 c5 10. d3 Bf5 11. Nd2 Nc6 12. b5 Na5 13. Bxf6 Qxf6 14. Rc1 exd3 15. Nxd3 Bg4 16. Re1 Bh6 17. h3 Bf5 18. e4 Be6 19. f4 Qd4+ 20. Nf2 a6 21. a4 axb5 22. axb5 Bg7 23. Bf1 h5 24. Nf3 Qxd1 25. Rexd1 Nb3 26. Rc2 Nd4 27. Nxd4 Bxd4 28. Kg2 f5 29. Bd3 Ra3 30. Re2 Bd7 31. exf5 Rxe2 32. Bxe2 gxf5 33. Rd2 Be6 34. g4 h4 35. gxf5 Bxf5 36. Bf3 b6 37. Ne4 Ra1 38. Nxd6 Bd7 39. f5 Kg7 40. Bg4 Kf6 41. Ne4+ Ke5 42. Ng5 Rg1+ 43. Kh2 Rc1 44. Nf3+ Ke4 45. Re2+ Kd3 46. Nxd4 cxd4 47. Re7 Rc2+ 48. Kg1 Bc8 49. f6 Rc1+ 50. Kf2 Rc2+ 51. Kf3 Bxg4+ 52. hxg4 h3 53. Rh7 Rc1 54. g5 Rf1+ 55. Kg4 Kc2 56. Rxh3 d3 57. c5 d2 58. Rh2 bxc5 59. b6 Rg1+ 60. Kf5 Rf1+ 61. Kg6 Rh1 62. Rxd2+ Kxd2 63. f7 Rf1 64. b7 c4 65. b8Q c3 66. Qd6+ Kc1 67. Qd3 1-0

[Event "Titled Tuesday intern op 25th Mar Early"]
[Site "Chess.com INT"]
[Date "2025.03.25"]
[Round "8"]
[White "Moussard, Jules"]
[Black "Keymer, Vincent"]
[Result "0-1"]
[WhiteElo "2592"]
[BlackElo "2719"]
[PlyCount "81"]
[EventDate "2025.03.25"]
[EventType "swiss (blitz)"]
[EventRounds "11"]
[EventCountry "USA"]
[SourceTitle "CB14_2025"]
[SourceDate "2024.11.01"]
[SourceVersion "1"]
[SourceVersionDate "2024.11.01"]
[SourceQuality "1"]

1. e4 c6 2. d4 d5 3. e5 Bf5 4. Nd2 e6 5. Nb3 Nd7 6. Be3 Qc7 7. Nf3 f6 8. exf6 Ngxf6 9. Bd3 Bd6 10. Qe2 0-0 11. 0-0-0 a5 12. Nc5 Bxc5 13. dxc5 Bxd3 14. Qxd3 e5 15. Qf5 Rae8 16. Rhe1 Ne4 17. Qh3 d4 18. Qh4 Ndxc5 19. Bg5 Nxg5 20. Nxg5 h6 21. Ne4 Nxe4 22. Rxe4 Qf7 23. f3 Qxa2 24. b3 a4 25. bxa4 Qxa4 26. Rd3 c5 27. Rb3 b5 28. Qg4 c4 29. Rb1 b4 30. Qg6 Rf6 31. Qh5 Rfe6 32. f4 Qa3+ 33. Kd1 d3 34. Rxc4 exf4 35. Qd5 Kh8 36. Rbxb4 Re1+ 37. Kd2 Qc1+ 38. Kc3 d2 39. Re4 d1Q 40. Rxe8+ Rxe8 41. Qxd1 0-1

[Event "Chessable Masters Play In"]
[Site "Chess.com INT"]
[Date "2025.02.17"]
[Round "5"]
[White "Jumabayev, Rinat"]
[Black "Keymer, Vincent"]
[Result "0-1"]
[WhiteElo "2564"]
[BlackElo "2731"]
[PlyCount "138"]
[EventDate "2025.02.17"]
[EventType "swiss (blitz)"]
[EventRounds "9"]
[EventCountry "USA"]
[SourceTitle "CB08_2025"]
[SourceDate "2025.02.19"]
[SourceVersion "1"]
[SourceVersionDate "2025.02.19"]
[SourceQuality "1"]

1. Nf3 d5 2. g3 Bg4 3. Bg2 c6 4. c4 e6 5. cxd5 Bxf3 6. Bxf3 cxd5 7. d4 Nc6 8. 0-0 f5 9. Nc3 Bd6 10. h4 Nf6 11. Bg5 h6 12. Be3 0-0 13. Kg2 Rc8 14. Rc1 a6 15. Rh1 Qe8 16. h5 Ne4 17. Bf4 Bxf4 18. gxf4 g5 19. hxg6 Qxg6+ 20. Kf1 Kh7 21. e3 Nxc3 22. Rxc3 Rc7 23. Ke2 Rfc8 24. Qb3 Qf6 25. Qa3 Qe7 26. Qxe7+ Nxe7 27. Kd2 Ng8 28. Rhc1 Rxc3 29. bxc3 Nf6 30. c4 b6 31. c5 bxc5 32. Rxc5 Rb8 33. Rc6 Rb2+ 34. Ke1 Rxa2 35. Rxe6 Kg7 36. Re5 Ra5 37. Rxf5 Rb5 38. Re5 Kf7 39. f5 a5 40. Re6 Rb1+ 41. Ke2 a4 42. Ra6 Ra1 43. Ra7+ Kf8 44. Ra5 Ne4 45. Bxe4 dxe4 46. d5 Ke7 47. Ra6 a3 48. d6+ Kd7 49. f6 Ke6 50. Ra7 Kxf6 51. Rh7 a2 52. d7 Re1+ 53. Kxe1 a1Q+ 54. Ke2 Qa6+ 55. Ke1 Qd3 56. Rxh6+ Kg5 57. Rh7 Kg6 58. Re7 Qc3+ 59. Kf1 Qd3+ 60. Kg2 Kf6 61. Rh7 Qd1 62. Kh2 Qd2 63. Kg3 Qd1 64. Kh2 Ke6 65. Rg7 Kf5 66. Rh7 Kg4 67. Rf7 Kg5 68. Kg2 Kg6 69. Re7 Qd6 0-1

[Event "Tata Steel-A 87th"]
[Site "Wijk aan Zee"]
[Date "2025.01.28"]
[Round "9"]
[White "Sarana, Alexey"]
[Black "Keymer, Vincent"]
[Result "1/2-1/2"]
[WhiteElo "2677"]
[BlackElo "2733"]
[PlyCount "90"]
[EventDate "2025.01.18"]
[EventType "tourn"]
[EventRounds "13"]
[EventCountry "NED"]
[EventCategory "19"]
[SourceTitle "CB06_2025"]
[SourceDate "2025.02.05"]
[SourceVersion "1"]
[SourceVersionDate "2025.02.05"]
[SourceQuality "1"]

1. d4 Nf6 2. c4 e6 3. Nc3 Bb4 4. Nf3 0-0 5. Bg5 c5 6. e3 cxd4 7. Qxd4 Nc6 8. Qd3 Qa5 9. Bxf6 gxf6 10. Be2 Bxc3+ 11. bxc3 b6 12. 0-0 Rd8 13. Nd2 Ba6 14. e4 Kh8 15. Nb3 Qa3 16. f4 Rac8 17. Rf3 Qe7 18. Qe3 Rg8 19. Rd1 Nd8 20. c5 Bxe2 21. Qxe2 bxc5 22. Na5 Nc6 23. Nc4 d5 24. exd5 exd5 25. Qxe7 Nxe7 26. Nd6 Rc6 27. Re3 Rxd6 28. Rxe7 Kg7 29. Rxa7 Rb8 30. Ra5 Rb2 31. Rd3 c4 32. Rg3+ Kf8 33. f5 Rd8 34. h3 Rd2 35. Re3 Rc8 36. Kh2 h5 37. a4 h4 38. Rb5 Kg7 39. Rb7 Rg8 40. Rbe7 Rc2 41. Re2 Rxc3 42. Rd2 Rd8 43. Rd4 Rc2 44. Rg4+ Kf8 45. Rc7 d4 1/2-1/2